000 00625nam a2200205 i 4500
001 25502
003 ES-MaACL
005 20240611114120.0
007 t|
008 021226s1843 sp ||||1| spa d
100 1 _aArias de Miranda, Juan.
_922774
245 1 0 _aApuntes históricos sobre la Cartuja de Miraflores de Burgos /
_cpor Juan Arias de Miranda.
260 _aBurgos :
_b[s.n.,
_c1843] (
_fPascual Polo)
300 _a146 p., 1 lám. ;
_c21 cm.
610 2 4 _aCartuja de Miraflores
_9236936
650 4 _910811
_aCartujos
852 _aES-MaACL
_jG-9381
942 _2udc
999 _c25502
_d25502